000 00187nam a2200085 4500
001 1254309
005 20251105144720.0
245 _aTÜRKÇE SÖZLÜK
_cKOMİSYON
260 _bTÜRK DİL KURUMU
999 _c1254309
_d1254309